000 00537nam a22001697a 4500
005 20231117081505.0
008 231117b |||||||| |||| 00| 0 eng d
020 _a0409078299
041 _aEnglish
082 _a343.4 VAL
100 _aDe Koker, A and Badenhorst, G
_lEnglish
245 _aValue-Added Tax in South Africa Commentary /
_cA De Koker and G Badenhorst
260 _aDurban :
_bLexisNexis (Pty) Ltd,
_c2022
300 _bv,
_c26 cm.
650 _aLegal practice
_bLaw
942 _cBK
_6ALISON_BN_VRIES
999 _c754
_d754